The Everglades / (Record no. 4927)

MARC details
000 -LEADER
fixed length control field 00845nam a22002537a 4500
001 - CONTROL NUMBER
control field 4927
003 - CONTROL NUMBER IDENTIFIER
control field FISKH
005 - DATE AND TIME OF LATEST TRANSACTION
control field 20241025105421.0
008 - FIXED-LENGTH DATA ELEMENTS--GENERAL INFORMATION
fixed length control field 241025b cb ||||| |||| 00| 0 eng d
020 ## - INTERNATIONAL STANDARD BOOK NUMBER
International Standard Book Number 9781559719711
040 ## - CATALOGING SOURCE
Original cataloging agency FISKH
Language of cataloging eng
Transcribing agency FISKH
Modifying agency FISKH
050 ## - LIBRARY OF CONGRESS CALL NUMBER
Classification number QH105.F6
082 ## - DEWEY DECIMAL CLASSIFICATION NUMBER
Classification number 508.759
100 ## - MAIN ENTRY--PERSONAL NAME
Personal name Lynch , Wayne
245 ## - TITLE STATEMENT
Title The Everglades /
Statement of responsibility, etc. by Wayne Lynch
260 ## - PUBLICATION, DISTRIBUTION, ETC.
Place of publication, distribution, etc. UK :
Name of publisher, distributor, etc. Northworld ;
Date of publication, distribution, etc. 2007 .
300 ## - PHYSICAL DESCRIPTION
Extent 64 pages :
Other physical details color illustrations ;
Dimensions 26 cm .
490 ## - SERIES STATEMENT
Series statement Our Wild World: Ecosystems
520 ## - SUMMARY, ETC.
Summary, etc. Photography, first-person anecdotes, and factual information on the animals, plants, climate and landscape come together to give a complete picture of the ecosystem in action.
650 ## - SUBJECT ADDED ENTRY--TOPICAL TERM
Topical term or geographic name entry element habitats
Form subdivision non-fiction
700 ## - ADDED ENTRY--PERSONAL NAME
Personal name Rainwater, Lois A.
Relator term designer
942 ## - ADDED ENTRY ELEMENTS (KOHA)
Source of classification or shelving scheme Dewey Decimal Classification
Koha item type Books
Suppress in OPAC No
Holdings
Withdrawn status Lost status Source of classification or shelving scheme Damaged status Not for loan Collection Home library Current library Shelving location Date acquired Total Checkouts Full call number Barcode Date last seen Price effective from Koha item type
    Dewey Decimal Classification     Non-Fiction Footprints International School Library Network Toul Kork Campus Footprints International School Library Network Toul Kork Campus TTP Secondary Non-Fiction Bookshelves 10/25/2024   LYN 508.759 QH105.F6 FIS02313 10/25/2024 10/25/2024 Books